000 00550nam a2200181 i 4500
001 44813
003 ES-MaACL
005 20230906161110.0
007 t|
008 030324s1963 sp ||||1| spa d
100 1 _aClocchiatti, Emilio.
_939273
245 1 3 _aEl "Sannazaro español" de Herrera Maldonado /
_cEmilio Clocchiatti.
260 _aMadrid :
_bInsula,
_c1963.
300 _a316 p., 8 lám. ;
_c22 cm.
600 0 4 _aSannazaro, Jacopo.
_9103191
700 1 _aHerrera Maldonado, Francisco de.
_9158511
852 _aES-MaACL
_jC-25615
_bR.54352
999 _c44813
_d44813